000 01119nam a22002537a 4500
005 20240530110549.0
008 160625s2013 ua a|||g |||| 001 0 ara d
017 _a2013/7394
_bمصر. دار الكتب المصرية
020 _a9789773223076
040 _aEG-CaGPL
082 0 4 _a576.88/
_bا م
_221
100 0 _aاسماعيل مظهر
245 1 0 _aملقى السبيل فى مذهب النشوء والارتقاء :
_bو اثره فى الانقلاب الفكرى الحديث /
_cتأليف اسماعيل مظهر ؛ تحرير وتقديم احمد ابراهيم الهوارى.
250 _aط. 1.
260 _aالجيزة، مصر :
_bعين للدارسات والبحوث الانسانية والاجتماعية،
_c2013.
300 _a353 ص. :
_bايض. ؛
_c24 سم.
490 0 _aمن ذاكرة النهضة
500 _aيشتمل على كشاف بالاعلام.
500 _aيشتمل على ملاحق.
650 0 4 _aالنشوء والارتقاء
700 1 _aاحمد الهوراى
_eمحرر.
942 _2ddc
_cBK
999 _c62427
_d62427